[Event "AUT-ch U08"]
[Site "St Kanzian"]
[Date "2019.06.21"]
[Round "3"]
[White "Ljubic, Marin"]
[Black "Weiss, Reinhold1111"]
[Result "1-0"]
[WhiteElo "1005"]
[BlackElo "865"]
[PlyCount "59"]
[EventDate "2019.06.21"]
[EventType "swiss"]
[EventRounds "7"]
[EventCountry "AUT"]
[SourceTitle "CBM 191 Extra"]
[Source "ChessBase"]
[SourceDate "2019.09.30"]
[SourceVersion "1"]
[SourceVersionDate "2019.09.30"]
[SourceQuality "1"]

1. e4 c5 2. Nf3 Nc6 3. Bc4 e6 4. 0-0 Be7 5. Nc3 b6 6. d3 Nf6 7. Bg5 0-0 8. e5 Ng4 9. Bxe7 Qxe7 10. Re1 d5 11. exd6 Qxd6 12. Nb5 Qe7 13. Nd2 Qh4 14. Nf3 Qe7 15. h3 Nf6 16. d4 Rd8 17. d5 Na5 18. b3 Ba6 19. d6 Qd7 20. Ne5 Qe8 21. Nc7 Qf8 22. Nxa8 Qxd6 23. Qxd6 Rxd6 24. Bxa6 Rd8 25. Nc7 Rf8 26. b4 Ne8 27. Nxe8 Rxe8 28. bxa5 bxa5 29. Nd7 Rd8 30. Nxc5 1-0

[Event "AUT-ch U08"]
[Site "St Kanzian"]
[Date "2018.06.02"]
[Round "4.10"]
[White "Ljubic, Marin"]
[Black "Baumgartner, Lucas"]
[Result "1-0"]
[WhiteElo "800"]
[BlackElo "808"]
[PlyCount "39"]
[EventDate "2018.06.01"]
[EventType "swiss"]
[EventRounds "7"]
[EventCountry "AUT"]
[SourceTitle "EXT 2024"]
[Source "ChessBase"]
[SourceDate "2023.10.10"]
[SourceVersion "1"]
[SourceVersionDate "2023.10.10"]
[SourceQuality "1"]

1. e4 e5 2. Nf3 Nc6 3. Bc4 Bc5 4. c3 Nf6 5. d4 exd4 6. cxd4 Bb4+ 7. Bd2 Bxd2+ 8. Nfxd2 d6 9. 0-0 Bg4 10. Qa4 0-0 11. f3 Be6 12. Bxe6 fxe6 13. e5 dxe5 14. dxe5 Nd7 15. Ne4 Ndxe5 16. Nbc3 Ne7 17. Rac1 Rc8 18. Rfd1 Qe8 19. Qb3 Rf7 20. Qxe6 1-0